Sustainable B2B E-Commerce and Blockchain-Based Supply Chain Finance; Sustainability; Vol. 12, iss. 10

التفاصيل البيبلوغرافية
Parent link:Sustainability
Vol. 12, iss. 10.— 2020.— [3968, 14 p.]
مؤلف مشترك: Национальный исследовательский Томский политехнический университет Школа базовой инженерной подготовки Отделение социально-гуманитарных наук
مؤلفون آخرون: Lahkani M. J. Marjaneh Jahangiri, Wang S. Shouyang, Urbanski M. Mariusz, Egorova M. S. Mariya Sergeevna
الملخص:Title screen
Information technology advancements integrated with the e-commerce supply chain allow participants in the business process to effectively work with large volumes of data and control transactions. To improve the profitability and competitiveness of e-commerce companies, a blockchain solution was incorporated into the global B2B (Business-to-Business) supply chain. This technology simplified the transaction process by providing all participants in the sustainable B2B buying process with the same data about the trade. Overall, the use of blockchain improved the efficiency of logistics and digital documentation which reached 74% and 75%, respectively. The main advantage of using blockchain is that it creates a decentralized database that is secure. In addition, it increases the speed of payment and the reliability and transparency of data transfer. Further research may focus on the use of blockchain in green logistics to improve environmental sustainability in the e-commerce supply chain.
اللغة:الإنجليزية
منشور في: 2020
الموضوعات:
الوصول للمادة أونلاين:http://earchive.tpu.ru/handle/11683/64795
https://doi.org/10.3390/su12103968
التنسيق: الكتروني فصل الكتاب
KOHA link:https://koha.lib.tpu.ru/cgi-bin/koha/opac-detail.pl?biblionumber=662636

MARC

LEADER 00000naa0a2200000 4500
001 662636
005 20250409143327.0
035 |a (RuTPU)RU\TPU\network\33791 
090 |a 662636 
100 |a 20200917d2020 k||y0rusy50 ba 
101 0 |a eng 
102 |a CH 
135 |a drcn ---uucaa 
181 0 |a i  
182 0 |a b 
200 1 |a Sustainable B2B E-Commerce and Blockchain-Based Supply Chain Finance  |f M. J. Lahkani, S. Wang, M. Urbanski, M. S. Egorova 
203 |a Text  |c electronic 
300 |a Title screen 
320 |a [References: 73 tit.] 
330 |a Information technology advancements integrated with the e-commerce supply chain allow participants in the business process to effectively work with large volumes of data and control transactions. To improve the profitability and competitiveness of e-commerce companies, a blockchain solution was incorporated into the global B2B (Business-to-Business) supply chain. This technology simplified the transaction process by providing all participants in the sustainable B2B buying process with the same data about the trade. Overall, the use of blockchain improved the efficiency of logistics and digital documentation which reached 74% and 75%, respectively. The main advantage of using blockchain is that it creates a decentralized database that is secure. In addition, it increases the speed of payment and the reliability and transparency of data transfer. Further research may focus on the use of blockchain in green logistics to improve environmental sustainability in the e-commerce supply chain. 
461 |t Sustainability 
463 |t Vol. 12, iss. 10  |v [3968, 14 p.]  |d 2020 
610 1 |a электронный ресурс 
610 1 |a труды учёных ТПУ 
610 1 |a 2B e-commerce 
610 1 |a sustainability 
610 1 |a blockchain 
610 1 |a supply chain finance 
610 1 |a transformation 
610 1 |a электронная коммерция 
610 1 |a устойчивость 
610 1 |a блокчейн 
610 1 |a финансирование 
610 1 |a трансформации 
701 1 |a Lahkani  |b M. J.  |g Marjaneh Jahangiri 
701 1 |a Wang  |b S.  |g Shouyang 
701 1 |a Urbanski  |b M.  |g Mariusz 
701 1 |a Egorova  |b M. S.  |c economist  |c Assistant of Tomsk Polytechnic University  |f 1982-  |g Mariya Sergeevna  |3 (RuTPU)RU\TPU\pers\33507  |9 17175 
712 0 2 |a Национальный исследовательский Томский политехнический университет  |b Школа базовой инженерной подготовки  |b Отделение социально-гуманитарных наук  |3 (RuTPU)RU\TPU\col\23512  |9 28328 
801 2 |a RU  |b 63413507  |c 20210316  |g RCR 
856 4 |u http://earchive.tpu.ru/handle/11683/64795 
856 4 |u https://doi.org/10.3390/su12103968 
942 |c CF